LEADER 01232nam a2200301 u 4500 001 000000022977 003 CaOOAMICUS 005 20150626103500.0 008 950428s1985 it u000 u ita u 035 $a10577316 040 $aPUL$bita 100 1 $aSegalla, Giuseppe.$0(OLS)http://pul/name/12129 245 13$aLa cristologia del Nuovo Testamento :$bun saggio /$cGiuseppe Segalla. 260 $aBrescia :$bPaideia,$c1985. 300 $a207 p.$c21 cm 490 1 $aStudi biblici ;$v71 500 $aComprende indici. 504 $aBibliografia: p. 189-197. 600 04$aIesus Christus$xTeologia.$0(OLS)http://pul/subject/322 830 0$aStudi biblici (Paideia) ;$v71.$0(OLS)http://pul/title/88 850 $aPUL 852 $aPUL$W1$xSL Religione 1$y3$m10 M 71$j32202$nBK-PRI$b $qStampati$B32202$CPULBib$Z2$F32202 $H $81 852 $aPUL$W1$xDP1 Fondo S. Lanza$y121$m3 D 92.71$j166646$qFondi$B167246$CPULBib$Z2$F167246 $HLAN614 $82 941 1 $a8 941 1 $a1 961 $aINV: 53122. 996 $6245$aLa cristologia del Nuovo Testamento :$bun saggio$9(OLS)http://pul/title/32006 996 $6260$aBrescia :$bPaideia$9(OLS)http://pul/publisher/47884 LEADER 01482nam a2200325 a 4500 001 000000124755 003 CaOOAMICUS 005 20110324163239.0 008 110321s2009 vc u000 u ita r 020 $a978-88-401-5023-9 040 $aPUL$bita 082 04$a282.092 245 00$aDon Andrea Santoro :$bponte di dialogo con la Turchia e il Medio Oriente /$ca cura di M. Maddalena Santoro, Maurice Borrmans. 260 $aCittą del Vaticano :$bUrbaniana University Press,$c©2009. 300 $a223 p. ;$c19 cm 490 1 $aIn dialogo ;$v03 504 $aBibliografia in nota. 600 14$aSantoro, Andrea,$csac.,$d1945-2006.$0(OLS)http://pul/subject/36928 650 4$aCristianesimo e Islamismo.$0(OLS)http://pul/subject/21894 700 1 $aSantoro, Maria Maddalena.$0(OLS)http://pul/name/48899 700 1 $aBorrmans, Maurice.$0(OLS)http://pul/name/13259 830 0$aIn dialogo ;$v03.$0(OLS)http://pul/title/150879 850 $aPUL 852 $aPUL$W1$xSL Religione 3$y85$m282. 092 SANMA 1$j143649$qDDC 21$B142671$CPULBib$Z2$F142671 $H116488 $82 941 1 $a9 996 $6020$a978-88-401-5023-9$9(OLS)http://pul/number/146736 996 $6082$a282.092$9(OLS)http://pul/classification/402 996 $6245$aDon Andrea Santoro :$bponte di dialogo con la Turchia e il Medio Oriente$9(OLS)http://pul/title/157270 996 $6260$aCittą del Vaticano :$bUrbaniana University Press$9(OLS)http://pul/publisher/66922